000 00720nam a22002297a 4500
999 _c14516
_d14516
003 AR-CdUCM
008 190423b ||||| |||| 00| 0 spa d
020 _a978-84-9101-052-4
040 _aMUNICIPALIDAD PROVINCIAL DEL CUSCO
_cBIBLIOTECA MUNICIPAL DEL CUSCO
041 _hfre
082 _aPI / 376.1
_bC73
110 _aCombel.
_932671
245 _aMis palabras y yo /
260 _aBarcelona :
_bCombel,
_c2016.
300 _bilustraciones,
_c16 cm.
500 _aDespués del título El primer imaginario de los más pequeños.
650 _aLiteratura infantil
_9588
650 _aImaginación infantil
_933313
650 _aAprendizaje infantil
_933271
942 _2ddc
_cLIBROS
945 _aachl
_d2019-04-23